| 000 | 00727ctm a22002175a 4500 | ||
|---|---|---|---|
| 001 | L141079 | ||
| 008 | 071026s1835 xxk eng u | ||
| 035 | _a(Sirsi) u141079 | ||
| 041 | 0 | _aeng | |
| 100 | 1 | _aCook, Edward | |
| 245 | 0 | 0 |
_aCopy of particulars and valuation of estates in the parish of East Bergholt, Suffolk, the property of J. T. C. Oakes Esq. made the 23rd of Febry. 1835 _h[manuscript] |
| 260 | _c1835 | ||
| 300 |
_a2 leaves _c23 x 19 cm. |
||
| 340 | _aInk on paper | ||
| 351 | _cSingle item | ||
| 500 | _aItem is addressed to T. R. Holmes Esq., solicitor, of Halter Street in Bury St Edmunds. | ||
| 500 | _aItem presented by E. G. Collier | ||
| 651 | 4 | _aSuffolk | |
| 690 | _aPROPERTY | ||
| 942 | _n0 | ||
| 999 |
_c116574 _d116574 |
||